Design of SP rocket dispersal bomb (Record no. 325645)
[ view plain ]
| 000 -LEADER | |
|---|---|
| fixed length control field | 00353 a2200133 4500 |
| 001 - CONTROL NUMBER | |
| control field | 90572 |
| 082 ## - DEWEY DECIMAL CLASSIFICATION NUMBER | |
| Classification number | PR 970 |
| 090 ## - LOCALLY ASSIGNED LC-TYPE CALL NUMBER (OCLC); LOCAL CALL NUMBER (RLIN) | |
| -- | 42908 |
| -- | 42908 |
| 100 ## - MAIN ENTRY--PERSONAL NAME | |
| Personal name | Umer Riaz; Nasir Baig, advisors |
| 245 ## - TITLE STATEMENT | |
| Title | Design of SP rocket dispersal bomb |
| Number of part/section of a work | G-28 |
| 260 ## - PUBLICATION, DISTRIBUTION, ETC. | |
| Place of publication, distribution, etc. | Karachi |
| Name of publisher, distributor, etc. | NED University |
| Date of publication, distribution, etc. | 1988 |
| 300 ## - PHYSICAL DESCRIPTION | |
| Extent | 140 p. |
| Other physical details | hand written |
| 500 ## - GENERAL NOTE | |
| General note | BE Project Reports |
| 942 ## - ADDED ENTRY ELEMENTS (KOHA) | |
| Institution code [OBSOLETE] | CAE NUST |
| Call number prefix | PR 9710 |
| Withdrawn status | Lost status | Damaged status | Not for loan | Collection code | Permanent Location | Current Location | Date acquired | Total Checkouts | Full call number | Barcode | Date last seen | Price effective from | Koha item type |
|---|---|---|---|---|---|---|---|---|---|---|---|---|---|
| College of Aeronautical Engineering (CAE) | College of Aeronautical Engineering (CAE) | 04/03/2017 | PR 9710 | CAEPR-970 | 04/05/2017 | 04/05/2017 | Book |
